|
|
|
|
| LEADER |
01225nam a2200313 a 4500 |
| 001 |
36260 |
| 003 |
BD-DhAAL |
| 005 |
20211130144517.0 |
| 008 |
191103t1995 ohu b 001 0 eng d |
| 999 |
|
|
|c 41703
|d 41703
|
| 010 |
|
|
|a 94018285
|
| 020 |
|
|
|a 0024189316
|
| 040 |
|
|
|a DLC
|c DLC
|d DLC
|d BD-DhAAL
|
| 050 |
0 |
0 |
|a LB1570
|b .T23 1995
|
| 082 |
0 |
0 |
|a 375.001
|2 20
|
| 100 |
1 |
|
|a Tanner, Daniel.
|9 36632
|
| 245 |
1 |
0 |
|a Curriculum development :
|b theory into practice /
|c Daniel Tanner, Laurel Tanner.
|
| 250 |
|
|
|a Third edition
|
| 260 |
|
|
|a Englewood Cliffs, Ohio :
|b Merrill,
|c c1995.
|
| 300 |
|
|
|a xxii, 746 pages :
|b illustrations ;
|c 25 cm.
|
| 504 |
|
|
|a Includes bibliographical references and indexes.
|
| 526 |
|
|
|a BIED
|
| 541 |
|
|
|a Complimentary copy from BIED
|e 36260
|
| 650 |
|
0 |
|a Education
|x Curricula
|z United States
|x History.
|9 36633
|
| 650 |
|
0 |
|a Curriculum planning
|z United States.
|9 36634
|
| 700 |
1 |
|
|a Tanner, Laurel
|9 36635
|
| 852 |
|
|
|a Ayesha Abed Library
|c BIED Collection
|
| 942 |
|
|
|2 ddc
|c BK
|
| 952 |
|
|
|0 0
|1 0
|2 ddc
|4 0
|6 375_001000000000000_TAN
|7 0
|9 66970
|a BRACUL
|b BRACUL
|c GEN
|d 2019-11-03
|e Complimentary copy from BIED
|l 0
|o 375.001 TAN
|p 3010036260
|r 2019-11-03
|t 1
|w 2019-11-03
|y BK
|x Transferred from BIED to General Stacks
|